000 00588cam a22002053a 4500
001 45176
003 PGUSA
005 20140828084031.0
008 140319s2014||||xxu|||||s|||||000 | eng d
040 _aPGUSA
_beng
042 _adc
100 1 _aSavine, Albert,
_d1859-1927
245 1 0 _aL'Assassinat de la Duchesse de Praslin
_h[electronic resource] /
_cAlbert Savine
260 _bProject Gutenberg,
_c2014
506 _aPublic domain in the USA.
516 _aElectronic text
830 0 _aProject Gutenberg
_v45176
856 4 0 _uhttp://www.gutenberg.org/ebooks/45176
942 _cEB
999 _c274427
_d274427